01864nam a2200433 a 450000500170000000800400001702000150005704100080007209200190008010000270009924500450012625000110017126000350018230000220021750000800023959000380031965300670035765300390042465300350046365300310049865300300052965300410055965300290060065300530062965300500068265300500073265300240078265300380080665300930084465300540093765300440099165300840103565300680111965300290118793000090121694200120122599900150123795201780125220240327091400.0100805e1997||||ag 01 f01 s sp spa  a9507861475 aspa c149.7l51sMAL1 aMaliandi, Ricardo9963 aVolver a la razón /cRicardo, Maliandi a1a ed. aBuenos Aires: bBiblos;c1997. a200 p.c23 x16 cm aMaliandi, R. (1997). Volver a la razón. (1a ed.). Buenos Aires : Biblios. aDonación Dora Vera,febrero 2017 aProlegómenos para una crítica de la razón unidimensional 3aLa insoportable gravedad del logos aIrracionalismo y posmodernidad aCrítica y conflictividad 3aEl derecho a la crítica aPluralismo light y pluralismo fuerte aRazón y conflictividad aCinco tesis sobre la racionalidad de la acción 3aLa cuadruple relación entre logos y pathos  3aLa versión kantiana de la razón perezosa  aRazón dialógica aAutocontradicciones performativas aMás acá de lo empírico. El concepto de lo a priori y el paradigma de la conciencia 3aLa prágmatica transcendental de Karl- Otto Apel aVerdad, falibilismo y fundamentación  3aEl trilema de Aristófanes y los presupuestos normativos del diálogo critico aHablar enserio sobre el uso del humor en el discurso práctico aModos de argumentación a3765 2ddccBK c2320d2320 00102ddc4070aBFMbBFMcCRd2017-02-22eDonación Dora Vera, febrero 2017.l0o149.7 51 MALp3765r2017-02-22tEj. 1w2017-02-22yBKzDonación Dora Vera, febrero 2017.